<?xml version="1.0" encoding="UTF-8"?><?xml-stylesheet type="text/xsl" href="static/style.xsl"?><OAI-PMH xmlns="http://www.openarchives.org/OAI/2.0/" xmlns:xsi="http://www.w3.org/2001/XMLSchema-instance" xsi:schemaLocation="http://www.openarchives.org/OAI/2.0/ http://www.openarchives.org/OAI/2.0/OAI-PMH.xsd"><responseDate>2026-06-01T04:21:56Z</responseDate><request verb="GetRecord" identifier="oai:riuma.uma.es:10630/32496" metadataPrefix="marc">https://riuma.uma.es/rest/oai/request</request><GetRecord><record><header><identifier>oai:riuma.uma.es:10630/32496</identifier><datestamp>2026-02-03T10:17:54Z</datestamp><setSpec>com_10630_1685</setSpec><setSpec>col_10630_38085</setSpec></header><metadata><record xmlns="http://www.loc.gov/MARC21/slim" xmlns:dcterms="http://purl.org/dc/terms/" xmlns:doc="http://www.lyncode.com/xoai" xmlns:xsi="http://www.w3.org/2001/XMLSchema-instance" xsi:schemaLocation="http://www.loc.gov/MARC21/slim http://www.loc.gov/standards/marcxml/schema/MARC21slim.xsd">
   <leader>00925njm 22002777a 4500</leader>
   <datafield ind2=" " ind1=" " tag="042">
      <subfield code="a">dc</subfield>
   </datafield>
   <datafield ind2=" " ind1=" " tag="720">
      <subfield code="a">Lledó-Rando, María del Carmen</subfield>
      <subfield code="e">author</subfield>
   </datafield>
   <datafield ind2=" " ind1=" " tag="260">
      <subfield code="c">2024</subfield>
   </datafield>
   <datafield ind2=" " ind1=" " tag="520">
      <subfield code="a">En este tema observamos una de las principales clasificaciones que tenemos para conocer las principales herramientas que desarrollan la evaluación de los factores de riesgo psicosociales según las tipologías delictivas más comunes. Hay que tener en cuenta que existen herramientas que no vamos a conocer en esta asignatura porque corresponden a delitos poco frecuentes como el terrorismo o que a penas conlleva penas privativas de libertad como los delitos de acoso en el ámbito laboral, si bien exiten herramientas específicas y son materias muy interesantes.</subfield>
   </datafield>
   <datafield ind1="8" ind2=" " tag="024">
      <subfield code="a">Lledo-Rando, C.(2024). Material Docente. Presentación Tema 6.1. Predictores Psicosociales de la Delincuencia.</subfield>
   </datafield>
   <datafield ind1="8" ind2=" " tag="024">
      <subfield code="a">https://hdl.handle.net/10630/32496</subfield>
   </datafield>
   <datafield tag="653" ind2=" " ind1=" ">
      <subfield code="a">Delitos sexuales</subfield>
   </datafield>
   <datafield tag="653" ind2=" " ind1=" ">
      <subfield code="a">Delincuencia - Factores de riesgo</subfield>
   </datafield>
   <datafield ind2="0" ind1="0" tag="245">
      <subfield code="a">Tema 6.1 Evaluación específica por ámbitos del delito.</subfield>
   </datafield>
</record>
</metadata></record></GetRecord></OAI-PMH>